Table générale des matières contenues dans les XIV volumes de L'Histoire Générale des auteurs sacrés et ecclésiastiques

Detalles Bibliográficos
Autor principal: CEILLIER, Remy
Formato: Libro
Publicado: París 1869
Materias:
Colección:Banco de datos
Acervo:Biblioteca Nacional de Antropología e Historia. Fondo Conventual
Descripción Física:t.II
Tema general:Bibliografía
Notas:Buena. XVII, 8, 2. Al final de la obra se anexa una lista de nuevas publicaciones de la editorial. Impreso en Angers por P. Lachése, Belleuvre y Dolveau.
LEADER 00895nam a22002050004500
035 |a 7281 
036 |a 1886 
100 1 |a CEILLIER, Remy 
245 1 0 |a Table générale des matières contenues dans les XIV volumes de L'Histoire Générale des auteurs sacrés et ecclésiastiques  |c comp. Laur. Et. Rondet, rev.Bauzon 
260 |a París  |b Luis Vives  |c 1869 
300 |a t.II 
500 |a Buena. XVII, 8, 2. Al final de la obra se anexa una lista de nuevas publicaciones de la editorial. Impreso en Angers por P. Lachése, Belleuvre y Dolveau. 
650 1 0 |a Bibliografía 
949 |a B.N.A.H. 
959 |a Biblioteca Nacional de Antropología e Historia. Ciudad de México  |b CCC1 
960 |a Seminario de Morelia  |b DD56 
961 |a Casa de formación del Clero Secular  |b CS 
942 |c B.N.A.H. 
943 |g Biblioteca Nacional de Antropología e Historia. Fondo Conventual 
999 |c 1031813  |d 1031813